[Event "57th Biel Master Open"]
[Site "Biel SUI"]
[Date "2024.07.25"]
[Round "10.13"]
[White "Hafiz, Arif Abdul"]
[Black "Kobo, Ori"]
[Result "1/2-1/2"]
[WhiteTitle "FM"]
[BlackTitle "GM"]
[WhiteElo "2367"]
[BlackElo "2529"]
[WhiteFideId "7104227"]
[BlackFideId "2812320"]
[EventDate "2024.07.15"]

1. e4 c5 2. Nc3 Nc6 3. f4 e6 4. Nf3 d5 5. Bb5 Ne7 6. exd5 exd5 7. Qe2 Bg4 8. O-O
Qd6 9. Bxc6+ Qxc6 10. h3 Bxf3 11. Qxf3 d4 12. Ne4 f5 13. Ng5 h6 14. Qxc6+ Nxc6
15. Nf3 Bd6 16. d3 Nb4 17. Rf2 Kd7 18. a3 Nd5 19. Bd2 Rae8 20. Nh4 Rhf8 21. g3
g5 22. Ng2 h5 23. Raf1 g4 24. Re1 Rxe1+ 25. Nxe1 Rg8 26. hxg4 Rxg4 27. Rg2 h4
28. gxh4 Bxf4 29. Rxg4 fxg4 30. Bxf4 Nxf4 31. Ng2 Nh5 32. c3 b5 33. cxd4 cxd4
34. Kf2 Ke6 35. b4 Kf5 36. Ne1 Nf4 37. Kg3 Ne2+ 38. Kf2 Nf4 39. Kg3 Nh5+ 40. Kf2
Ke5 41. Ng2 a6 42. Ne1 Kf4 43. Ng2+ Kf5 44. Ne1 Nf4 45. Kg3 Ne2+ 46. Kf2 Nc1 47.
Kg3 Ne2+ 48. Kf2 Nf4 49. Kg3 Nh5+ 50. Kf2 Kf6 51. Nc2 Ke5 52. Ne1 Kf5 53. Nc2
Ke5 54. Ne1 Kf5 1/2-1/2

[Event "57th Biel Master Open"]
[Site "Biel SUI"]
[Date "2024.07.25"]
[Round "10.23"]
[White "Woong, Zhi Wei William"]
[Black "Padmini, Rout"]
[Result "0-1"]
[WhiteTitle "CM"]
[BlackTitle "IM"]
[WhiteElo "2139"]
[BlackElo "2348"]
[WhiteFideId "5804906"]
[BlackFideId "5029295"]
[EventDate "2024.07.15"]

1. e4 c5 2. Nf3 d6 3. Bb5+ Nd7 4. a4 Nf6 5. Nc3 e6 6. O-O Be7 7. Re1 O-O 8. a5
a6 9. Bxd7 Bxd7 10. e5 Nd5 11. Ne4 dxe5 12. Nxe5 Be8 13. b3 f6 14. Nc4 Rc8 15.
Bb2 Rc6 16. d3 Qc7 17. Qf3 Qf4 18. Qxf4 Nxf4 19. Nc3 Bd8 20. Ba3 e5 21. Ne4 Be7
22. Nb6 Bf7 23. g3 Ne6 24. Kg2 Rd8 25. Nc3 Bf8 26. Ne2 Bd6 27. Nc4 Bc7 28. Bc1
g5 29. f3 h5 30. Kf2 Kg7 31. Rg1 Kg6 32. Bb2 g4 33. Rgf1 Ng5 34. f4 Nh3+ 35. Ke3
exf4+ 36. Nxf4+ Nxf4 37. gxf4 Kf5 38. Ra4 Re8+ 39. Kd2 Bxc4 40. Rxc4 Bxa5+ 41.
b4 Bxb4+ 42. c3 Ba5 43. Ba3 Bc7 44. d4 cxd4 45. Rxd4 Rd8 46. Kd3 Bb6 47. Rxd8
Bxd8 48. Bc1 b5 49. Bd2 Bc7 50. Be3 Rc4 0-1

[Event "57th Biel Master Open"]
[Site "Biel SUI"]
[Date "2024.07.25"]
[Round "10.31"]
[White "Jain, Kashish Manoj"]
[Black "Rappazzo, Johannes"]
[Result "1-0"]
[WhiteTitle "FM"]
[WhiteElo "2308"]
[BlackElo "2169"]
[WhiteFideId "35081098"]
[BlackFideId "1340069"]
[EventDate "2024.07.15"]

1. e4 c5 2. Nf3 d6 3. Bb5+ Nd7 4. Ba4 Nf6 5. O-O a6 6. c4 g6 7. d3 Bg7 8. Nc3
O-O 9. h3 b6 10. Be3 Bb7 11. Qd2 e6 12. Rae1 Rc8 13. Bh6 Ne5 14. Nxe5 dxe5 15.
Bg5 Qd6 16. g4 Rfd8 17. Rd1 h5 18. f3 Nh7 19. Be3 f5 20. gxf5 exf5 21. Qg2 f4
22. Bf2 Kf7 23. Kh2 g5 24. Nd5 Bxd5 25. cxd5 Bf6 26. Rc1 Rg8 27. Bd1 Be7 28. Rh1
Nf6 29. Kg1 Rg7 30. Kf1 Ne8 31. h4 Qd7 32. hxg5 Rxg5 33. Qh3 Qxh3+ 34. Rxh3 Nd6
35. Bb3 Rcg8 36. Ke2 Kg6 37. Rch1 Rg7 38. Kf1 Rh7 39. Bh4 Nf7 40. a4 b5 41. R3h2
Bd8 42. Bxg5 Nxg5 43. Ke2 Rb7 44. a5 c4 45. dxc4 bxc4 46. Bxc4 Rxb2+ 47. Kd3
Rxh2 48. Rxh2 Nxf3 49. Ra2 h4 50. Ke2 Ng5 51. Bxa6 h3 52. Kf1 Be7 53. Bc8 Bc5
54. Bf5+ Kf6 55. a6 f3 56. d6 f2 57. Rxf2 1-0

[Event "57th Biel Master Open"]
[Site "Biel SUI"]
[Date "2024.07.25"]
[Round "10.38"]
[White "Kersten, Uwe"]
[Black "Fronda, Jan Jodilyn"]
[Result "1-0"]
[WhiteTitle "IM"]
[BlackTitle "WIM"]
[WhiteElo "2186"]
[BlackElo "2072"]
[WhiteFideId "4615646"]
[BlackFideId "5204585"]
[EventDate "2024.07.15"]

1. e4 c5 2. Nf3 d6 3. Bb5+ Nd7 4. d4 cxd4 5. O-O Nf6 6. Nxd4 a6 7. Bc4 e6 8. Re1
Be7 9. Bxe6 fxe6 10. Nxe6 Qb6 11. Nxg7+ Kf7 12. Nf5 Ne5 13. Nxe7 Kxe7 14. Be3
Qc6 15. Nc3 Be6 16. f4 Nc4 17. Bd4 Kf7 18. b3 Na3 19. f5 Bd7 20. Bxf6 Kxf6 21.
Nd5+ Kf7 22. Qh5+ Kf8 23. Qh6+ Ke8 24. Qf6 1-0

[Event "57th Biel Master Open"]
[Site "Biel SUI"]
[Date "2024.07.25"]
[Round "10.48"]
[White "Pisan, Kai"]
[Black "Borner, Daniel"]
[Result "1/2-1/2"]
[BlackTitle "FM"]
[WhiteElo "2016"]
[BlackElo "2075"]
[WhiteFideId "39904881"]
[BlackFideId "1301659"]
[EventDate "2024.07.15"]

1. d4 Nf6 2. c4 g6 3. g3 c5 4. d5 b5 5. cxb5 a6 6. bxa6 Nxa6 7. Bg2 d6 8. Nc3
Bg7 9. Nf3 O-O 10. O-O Bf5 11. Nd2 Qd7 12. e4 Bh3 13. Nc4 Rfb8 14. Rb1 Bxg2 15.
Kxg2 Nc7 16. a3 Nb5 17. Nxb5 Qxb5 18. Qc2 Ra4 19. Nd2 Rd4 20. Re1 Ng4 21. Nf3
Rd3 22. b4 Rc3 23. Qe2 Qa4 24. Nd2 Ne5 25. Bb2 Rc2 26. Bxe5 1/2-1/2

[Event "57th Biel Master Open"]
[Site "Biel SUI"]
[Date "2024.07.25"]
[Round "10.52"]
[White "Selinga, Jan"]
[Black "Cordes, Jule"]
[Result "1-0"]
[WhiteElo "2023"]
[BlackElo "1900"]
[WhiteFideId "14946084"]
[BlackFideId "1060708"]
[EventDate "2024.07.15"]

1. e4 e6 2. Qe2 c5 3. Nf3 Nc6 4. g3 Be7 5. Bg2 d5 6. d3 Nf6 7. c3 O-O 8. O-O b6
9. Nfd2 Bb7 10. f4 Qc7 11. a4 Rad8 12. Na3 d4 13. Nac4 a6 14. Nf3 b5 15. Nce5
Na5 16. axb5 axb5 17. Qc2 Nc6 18. cxd4 Nxd4 19. Nxd4 Rxd4 20. Be3 Rdd8 21. Rfc1
Nd7 22. d4 Nxe5 23. fxe5 Qb8 24. dxc5 Qxe5 25. Ra7 Qb8 26. c6 Bg5 27. Qf2 Bxe3
28. Qxe3 Bxc6 29. Rxc6 Rd1+ 30. Bf1 Qe5 31. Rac7 Qxb2 32. Rc8 Rfd8 33. Qb6 Qf6
34. Rxd8+ Rxd8 35. Rc2 h6 36. Qxb5 Qd4+ 37. Rf2 Qxe4 38. Qh5 Rd7 39. Qf3 Qd4 40.
Kg2 Qd6 41. Bb5 Ra7 42. Rc2 Qd8 43. Qe4 Qa8 44. Bc6 Qc8 45. Rb2 Rc7 46. Bb7 Qd8
47. Ra2 f5 48. Qxe6+ Kh7 49. Qxf5+ g6 50. Qf3 Rd7 51. Be4 Qe7 52. Re2 Qd6 53.
Qg4 Rf7 54. Rf2 Re7 55. h4 Qe6 56. Qxe6 Rxe6 57. Bd5 Rd6 58. Rd2 Kg7 59. Kf3 Ra6
60. Ke4 Ra3 61. Rd3 Ra1 62. Kf4 Kf6 63. Ke4 Ra4+ 64. Rd4 Ra3 65. Kf4 Ra1 66. Bf3
Rf1 67. Rd1 Rf2 68. Ke3 Ra2 69. Rd6+ Kg7 70. Be4 Ra3+ 71. Bd3 Kf7 72. h5 gxh5
73. Rxh6 Ra5 74. Be2 Re5+ 75. Kf2 Rf5+ 76. Kg2 Re5 77. Bf3 h4 78. Rxh4 Kg6 79.
Rd4 Ra5 80. Kh3 Ra3 81. Kg4 Ra6 82. Rc4 Ra5 83. Rc6+ Kg7 84. Be4 Kf7 85. Kf4 Kg7
86. Bf5 Ra3 87. g4 Ra7 88. Rd6 Ra4+ 89. Kg5 Ra8 1-0